000
00256nam a22001217a 4500
008
170621b xxu||||| |||| 00| 0 eng d
041
_a
eng
080
_a
94
100
_a
18
101
_a
SHP
245
_a
CONFRONTING WAR
_c
GLOSSOP/R/J
942
_2
udc
_c
BK
999
_c
18416
_d
18416